Statistiken für Sänger zu Lied #3

Klicken Sie hier um das Quiz zu spielen!

Allgemein

  • Dieses Quiz wurde 505 mal gespielt
  • Das Durchschnittsergebnis liegt bei 9 aus 18

Antwortstatistiken

LiedInterpret% Korrekt
Gangnam StylePsy
75%
7 ringsAriana Grande
74%
I Want It That WayBackstreet Boys
68%
Sweet but PsychoAva Max
63%
WannabeSpice Girls
63%
DespacitoLuis Fonsi ft. Daddy Yankee
60%
Thinking Out LoudEd Sheeran
56%
CAN´T STOP THE FEELING!Justin Timberlake
56%
I Will Always Love YouWhitney Houston
50%
AngelsRobbie Williams
49%
SugarMaroon 5
45%
Girl on FireAlicia Keys
42%
PompeiiBastille
42%
AnacondaNicki Minaj
42%
AttentionCharlie Puth
39%
HumanRag´n´Bone Man
28%
Counting StarsOneRepublik
20%
CloserThe Chainsmokers
19%

Verteilung der Resultate

Perzentil nach korrekt beantworteten Fragen

Anzahl Personen mit jedem Resultat

Ihre Resultats-Entwicklung

Sie haben dieses Quiz noch nicht gespielt